Kliknij kolor nagła śmierć część 1 - Statystyki

Ogólne statystyki
  • Ten quiz został rozwiązany 74 razy
    14 od ostatniego zresetowania
  • Średni wynik to 7 z 12
Answers on the Grid
Answers color-coded by a green-red scale on the quiz's grid according to % correct below.
Czerwony
Pomarańczowy
Żółty
Zielony
Niebieski
Fioletowy
Różowy
Beżowy
Biały
Czarny
Brązowy
Szary
Jasnoniebieski
Granatowy
Beżowy
Srebny
Bordowy
Ciemnozielony
Ciemnoszary
 
Statystyki odpowiedzi
Odpowiedź % Poprawnych
16pkt Niebieski
92%
5pkt Biały
85%
2pkt Brązowy
77%
25pkt Czerwony
77%
10pkt Żółty
77%
11pkt Bordowy
69%
22pkt Różowy
69%
17pkt Szary
62%
31pkt Beżowy
38%
200pkt Ciemnozielony
38%
40pkt Jasnoniebieski
38%
45pkt Srebny
15%
Nie znaleziono quizów pasujących do podanych kryteriów
Rozkład punktacji
Procent ludzi z każdym wynikiem
Percentyl według liczby udzielonych odpowiedzi
Twoja historia wyników
Nie rozwiązałeś tego quizu od ostatniego zresetowania